01255cam a2200325 a 450000100100000000500170001000800410002702000150006804000230008308200240010610000410013024500960017125000110026726000350027830000280031349000290034150400420037060000670041265000310047965000580051065000600056870000470062874000240067583000380069991000340073791000070077104900090077895201270078799900150091400000922320250128171937.0830224s1983 sp a 001 e spa d a8423921026 aDO-SdBNPcDLCdDLC aA860.4bD192B, 19821 aBorges, Jorge Luis,d1899-19869417310aNueve ensayos dantescos /cJorge Luis Borges ; introducción de Marcos Ricardo Barnatán. a2a ed. aMadrid :bEspasa-Calpe,c1983. a161 p. :bil. ;c18 cm.1 aSelecciones Australv102 aIncluye referencias bibliográficas.14aDANTE ALIGHIERId1265-1321xCRÍTICA E INTEPRETACIÓN923915 4aLiteratura argentina93860 4aPoesía italianaxCrítica e intepretación923916 4aLiteratura italianaxCrítica e intepretación9239171 aBarnatán, Marcos Ricardo,eintro.9239180 a9 ensayos dantescos 0aSelecciones Austral ;v102919172 aCatalogación por copia / LC aWM aBNGR 001054708MOaGRbGRcHDd2009-09-28iLF1l0oA860.4 D192B, 1982p9223-10r2020-06-25w2020-06-25y4ZPréstamo en sala c8986d8986